Devízové operácie komerčných bánk bakalárska práca

Na minha lista:
Detalhes bibliográficos
Autor principal: Kolesárová, Veronika
Autor Corporativo: Národohospodárska fakulta EU. Katedra bankovníctva a medzinárodných financií
Outros Autores: Vojtková, Mária
Formato: Livro
Idioma:eslovaco
Publicado em: Bratislava 2011
Tags: Adicionar Tag
Sem tags, seja o primeiro a adicionar uma tag!

MARC

LEADER 00000nbm a2200000 4500
001 0139770
005 20161109111644.8
041 0 |a slo 
044 |a SK 
245 1 0 |a Devízové operácie komerčných bánk  |b bakalárska práca  |c Veronika Kolesárová ; školiteľ: Mária Vojtková 
264 1 |a Bratislava  |c 2011 
300 |a 41 s. 
100 1 |a Kolesárová, Veronika 
700 1 |a Vojtková, Mária 
710 2 |a Národohospodárska fakulta EU. Katedra bankovníctva a medzinárodných financií